Anand's realistic picture of humanlife in the day to day life / (Record no. 42262)

MARC details
000 -LEADER
fixed length control field 00671nam a22001817a 4500
005 - DATE AND TIME OF LATEST TRANSACTION
control field 2010081702372.0
010 ## - LCCN (DPL NO)
LC control number ENG-100680
020 ## - INTERNATIONAL STANDARD BOOK NUMBER
International Standard Book Number 9789380173986
Terms of availability 65.00
035 ## - SYSTEM CONTROL NUMBER
System control number EN-84213
037 ## - SOURCE OF ACQUISITION
Source of stock number/acquisition DBAD/PUB
082 ## - DEWEY DECIMAL CLASSIFICATION NUMBER
Classification number 883.08
245 ## - TITLE STATEMENT
Title Anand's realistic picture of humanlife in the day to day life /
Statement of responsibility, etc edited by S. Rajeswari
260 ## - PUBLICATION, DISTRIBUTION, ETC. (IMPRINT)
Place of publication, distribution, etc Koradacherry
Name of publisher, distributor, etc Aruma Publications
Date of publication, distribution, etc 2009
270 ## - ADDRESS
Address 35, Gandhi Colony
City Koradacherry
Postal code 613703
300 ## - PHYSICAL DESCRIPTION
Extent 131p.
Dimensions 20cm (pbk)
942 ## - ADDED ENTRY ELEMENTS (KOHA)
Source of classification or shelving scheme Dewey Decimal Classification
Item type English Books
Classification part 883.08
Call number suffix ANA
Holdings
Withdrawn status Lost status Not for loan Collection code Home library Current library Date acquired Source of acquisition Cost, normal purchase price Full call number Barcode Copy number Cost, replacement price Koha item type
    Not For Loan Non-fiction D.B.Act.Division D.B.Act.Division 17/08/2010 DBAD/PUB 65.00 883.08 ANA EN-84213 1 65.00 English Books

© Delhi Public Library
Hit Counter
free hit counter